| 000 | 00576nam a2200217Ia 4500 | ||
|---|---|---|---|
| 003 | OSt | ||
| 005 | 20220928141919.0 | ||
| 006 | a|||||r|||| 00| 0 | ||
| 007 | ta | ||
| 008 | 220927b |||||||| |||| 00| 0 eng d | ||
| 024 | _a18317 | ||
| 037 | _cTextual | ||
| 040 |
_aSDCL _cSDCL _beng |
||
| 041 |
_2eng _aeng |
||
| 082 | _aW:g(S:521)v, L7 | ||
| 100 |
_aSchutz Charles E _9502660 |
||
| 245 | 0 |
_aPolitical humour _b From Aristophanes to Sam Ervin |
|
| 260 | _c1977 | ||
| 942 |
_hW:g(S:521)v, L7 _cTEXL _2CC |
||
| 999 |
_c820567 _d820567 |
||